1979 1765 1024 1228 1140 1186 1959 1964 1716 1534 1794 1895 1625 1379 1192 1350 1355 1023 1343 1471 1499 1924 1340 1927 1197 1200 1373 1613 1652 1768 1067 1015 1231 1803 1290 1058 1930 1246 1869 1326 1634 1056 1620 1005 1661 1115 1891 1151 1168 1697 1227 1247 1737 1427 1667 1672 1278 1307 1397 1170 1084 1787 1416 1097 1893 1043 1549 1276 1784 1892 1456 1751 1291 1633 1370 1746 1088 1430 1471 1088 1321 1483 1421 1156 1462 1657 1612 1652 1465 1591 1087 1290 1871 1679 1247 1706 1899 1438 1948 BCNSPRNW ULIB Ver.6.0+V

เปลี่ยนเป็นภาษาไทย

Change to English
 แสดงรายละเอียดบรรณานุกรม
  กลับหน้าหลัก

Brief Record : Get Marc (ISO 2709) : E-mail record : QR code < ปิดหน้าต่าง
LEADER : 00000nam 2200000uu 4500
001    13399125472
003     ULIB
008    170612s2559||||th 000 0 tha d
020    ^a9786163447678
060  0 ^aWC536^bย415ด
100 0  ^aยุพาพิน ประเสริฐกุล
245 10 ^aดูแลตับเทคนิคการป้องกันและรักษาโรคไวรัสตับทุกชนิด /^cยุพาพิน ประเสริฐกุล
250    ^aพิมพ์ครั้งที่ 2 ( ราคา 160 บาท )
260    ^aกรุงเทพฯ :^bFeel good,^c2559
300    ^a208 หน้า :^bภาพประกอบ ; ตาราง ;^c20.5ซม.
505 0  ^a1. วิธีบำรุงรักษาสุขภาพตับ
505 0  ^a2. ปัจจัยเสี่ยงที่ส่งผลถึงตับ
505 0  ^a3. สัญญาณเตือนจากตับ
505 0  ^a4. ชนิดและอาการของโรคตับ
505 0  ^a5. ไวรัสตับอักเสบเอ
505 0  ^a6. ไวรัสตับอักเสบบี
505 0  ^a7. ไวรัสตับอักเสบซี
505 0  ^a8. โภชนาการบำบัดสำหรับผู้ป่วยเป็นโรคไวรัสตับอักเสบชนิดเรื้อรัง
505 0  ^a9. โภชนาการบำบัดสำหรับผู้ป่วยเป็นโรคไวรัสตับอักเสบชนิดเฉียบพลัน
650  7 ^aไวรัสตับอักเสบ
650  7 ^aตับ
945    ^p0^l0^i002243
945    ^p0^l0^i002244
945    ^p0^l0^i002245
945    ^p0^l0^i002246
945    ^p0^l0^i002247
945    ^p0^l0^i002248
945    ^p0^l0^i002249
945    ^p0^l0^i002250
945    ^p0^l0^i002251
945    ^p0^l0^i002252
999    ^aวรรณษา ชูชัยมงคล
รายการนี้ยังไม่มีแท็ก
คุณยังไม่ได้ล็อกอิน คุณสามารถมีกิจกรรมร่วมกับเว็บไซต์ได้ แต่ต้องล็อกอินก่อน ::
  ล็อกอิน

รายการสื่อสารสนเทศ

ลำดับที่ ประเภท เลขเรียก/บาร์โค้ด สถานที่ สถานะ
1. วิทยาศาสตร์การแพทย์ และสุขภาพ
วิทยาศาสตร์การแพทย์ และสุขภาพ
WC536 ย415ด ฉ.1 
  Barcode: 002243
ห้องสมุดวิทยาเขตสวรรค์ประชารักษ์
►หนังสือทั่วไป
บนชั้น
2. วิทยาศาสตร์การแพทย์ และสุขภาพ
วิทยาศาสตร์การแพทย์ และสุขภาพ
WC536 ย415ด ฉ.10 
  Barcode: 002252
ห้องสมุดวิทยาเขตสวรรค์ประชารักษ์
►หนังสือทั่วไป
บนชั้น
3. วิทยาศาสตร์การแพทย์ และสุขภาพ
วิทยาศาสตร์การแพทย์ และสุขภาพ
WC536 ย415ด ฉ.2 
  Barcode: 002244
ห้องสมุดวิทยาเขตสวรรค์ประชารักษ์
►หนังสือทั่วไป
บนชั้น
4. วิทยาศาสตร์การแพทย์ และสุขภาพ
วิทยาศาสตร์การแพทย์ และสุขภาพ
WC536 ย415ด ฉ.3 
  Barcode: 002245
ห้องสมุดวิทยาเขตสวรรค์ประชารักษ์
►หนังสือทั่วไป
บนชั้น
5. วิทยาศาสตร์การแพทย์ และสุขภาพ
วิทยาศาสตร์การแพทย์ และสุขภาพ
WC536 ย415ด ฉ.4 
  Barcode: 002246
ห้องสมุดวิทยาเขตสวรรค์ประชารักษ์
►หนังสือทั่วไป
บนชั้น
6. วิทยาศาสตร์การแพทย์ และสุขภาพ
วิทยาศาสตร์การแพทย์ และสุขภาพ
WC536 ย415ด ฉ.5 
  Barcode: 002247
ห้องสมุดวิทยาเขตสวรรค์ประชารักษ์
►หนังสือทั่วไป
บนชั้น
7. วิทยาศาสตร์การแพทย์ และสุขภาพ
วิทยาศาสตร์การแพทย์ และสุขภาพ
WC536 ย415ด ฉ.6 
  Barcode: 002248
ห้องสมุดวิทยาเขตสวรรค์ประชารักษ์
►หนังสือทั่วไป
บนชั้น
8. วิทยาศาสตร์การแพทย์ และสุขภาพ
วิทยาศาสตร์การแพทย์ และสุขภาพ
WC536 ย415ด ฉ.7 
  Barcode: 002249
ห้องสมุดวิทยาเขตสวรรค์ประชารักษ์
►หนังสือทั่วไป
บนชั้น
9. วิทยาศาสตร์การแพทย์ และสุขภาพ
วิทยาศาสตร์การแพทย์ และสุขภาพ
WC536 ย415ด ฉ.8 
  Barcode: 002250
ห้องสมุดวิทยาเขตสวรรค์ประชารักษ์
►หนังสือทั่วไป
บนชั้น
10. วิทยาศาสตร์การแพทย์ และสุขภาพ
วิทยาศาสตร์การแพทย์ และสุขภาพ
WC536 ย415ด ฉ.9 
  Barcode: 002251
ห้องสมุดวิทยาเขตสวรรค์ประชารักษ์
►หนังสือทั่วไป
บนชั้น

รายการใกล้เคียง
    ผู้แต่ง [ยุพาพิน ประเสริฐกุล]

    หัวเรื่อง [ไวรัสตับอักเสบ]
    หัวเรื่อง [ตับ]

BibComment


ยังไม่เคยถูกคอมเมนท์

คอมเมนท์ทรัพยากรรายการนี้
  คอมเมนท์: ดูแลตับเทคนิคการ..


 Copyright 2026. Bcnsprnw @Library